Một thời hoa lửa: Câu chuyện về nột thế hệ đã làm nên huyền thoại
সংরক্ষণ করুন:
| বিন্যাস: | গ্রন্থ |
|---|---|
| ভাষা: | Undetermined |
| প্রকাশিত: |
Tp. Hồ Chí Minh
Trẻ
2012
|
| বিষয়গুলি: | |
| ট্যাগগুলো: |
ট্যাগ যুক্ত করুন
কোনো ট্যাগ নেই, প্রথমজন হিসাবে ট্যাগ করুন!
|
| Thư viện lưu trữ: | Trung tâm Học liệu Trường Đại học Cần Thơ |
|---|
| LEADER | 00654nam a2200205Ia 4500 | ||
|---|---|---|---|
| 001 | CTU_180785 | ||
| 008 | 210402s9999 xx 000 0 und d | ||
| 020 | |c 100000 | ||
| 082 | |a 959.7043 | ||
| 082 | |b M458 | ||
| 245 | 0 | |a Một thời hoa lửa: | |
| 245 | 0 | |b Câu chuyện về nột thế hệ đã làm nên huyền thoại | |
| 245 | 0 | |c Tạ, Bích Loan ... [et al.] | |
| 260 | |a Tp. Hồ Chí Minh | ||
| 260 | |b Trẻ | ||
| 260 | |c 2012 | ||
| 650 | |a Vietnam,Quangtri (Vietnam),Lịch sử Việt Nam | ||
| 650 | |x history,history | ||
| 910 | |a Nguyên | ||
| 980 | |a Trung tâm Học liệu Trường Đại học Cần Thơ | ||